01960 2200253 4500001002100000005001500021035002000036007000300056008004100059020002200100100003100122245010300153250001000256260003800266300003300304650001700337650001600354700003000370700001300400082001600413084002200429520123300451990002201684INLIS00000000000563820260428030141 a0010-0126000003ta260428 0 ind  a978-979-582-279-00 aPusat Pendidikan Pertanian1 aBest Practice Of YESS Programme :bPraktik Terbaik ProgramYESS /cAgeng Hasanah Sulaiman...[et.al] aEd. 1 aJakarta :bPertanian Press,c2024 a130 hlm :bilus ;c21 cmexv 4aProgram YESS 4aPetani Muda0 aMoch Alfino Ridho Kuncoro0 aYulianto a631.1:331.5 a631.1:331.5 AGE b aBest Practices of YESS Programme Program YESS, fokus untuk membidik dan memfasilitasi petani muda pertanian yang berasal dari daerah sasaran, sehingga makin meningkat jumlah wirausaha diharapkan pertanian. Dalam implementasinya, Program YESS juga menggerakkan generasi muda melalui Duta Pemuda Pertanian/Young Ambassador Agriculture Program YESS, serta pengusaha sukses lainnya. Sejak hadirnya Program melalui YESS berbagai kegiatan, baik pelatihan, pemagangan dan bantuan permodalan, kini telah banyak gene rasi muda yang berhasil mengem bangkan usahanya. Dalam buku Best Practices of YESS Programme ini berisi informasi untuk mengenal lebih lanjut program dan kegiatan utama Program YESS yang terdiri dari empat kegiatan atau komponen utama. Adapun empat komponen tersebut yakni, Rural Youth Transition to Work (Transisi Pemuda Perdesaan untuk Bekerja), Rural Youth Entrepreneurship (Kewirausahaan Pemuda Perdesaan), Investing to Rural Youth (Investasi untuk Pemuda Perdesaan di bidang Pertanian) dan Enabling Environment for Rural Youth (Ekosistem Penunjang untuk Pemuda Perdesaan). Selain itu juga mengenai Gender Equality and Social Inclusion (GESI) dan contoh beberapa penerima manfaat yang masuk dalam kategori tersebut. a5085/BPPSDMP/2026